[Event "CZE-chT2C 1314"]
[Site "Czech Republic"]
[Date "2013.11.03"]
[Round "1.2"]
[White "Fajman, Petr"]
[Black "Jancarik, Joel"]
[Result "0-1"]
[WhiteElo "2267"]
[BlackElo "2254"]
[PlyCount "82"]
[EventDate "2013.11.03"]
[EventType "team-tourn"]
[EventRounds "11"]
[EventCountry "CZE"]
[SourceTitle "EXT 2015"]
[Source "ChessBase"]
[SourceDate "2014.11.20"]
[SourceVersion "1"]
[SourceVersionDate "2014.11.20"]
[SourceQuality "1"]
[WhiteTeam "Praha Dukla"]
[BlackTeam "Praha Kobylisy"]
[WhiteTeamCountry "CZE"]
[BlackTeamCountry "CZE"]

1. c4 Nf6 2. Nc3 d5 3. cxd5 Nxd5 4. Nf3 g6 5. g3 Bg7 6. Bg2 Nxc3 7. bxc3 c5 8. 0-0 0-0 9. Rb1 Nc6 10. Qa4 Na5 11. Qa3 b6 12. d3 Bb7 13. Bb2 e5 14. c4 e4 15. Ne5 exd3 16. exd3 Bxg2 17. Kxg2 Re8 18. Ng4 Nc6 19. Ne3 Bxb2 20. Rxb2 Qd4 21. Nd5 Rad8 22. Rd2 Kg7 23. Qb2 Qxb2 24. Rxb2 Ne7 25. Nc7 Rf8 26. Rb3 Rd7 27. Nb5 Rfd8 28. Re1 Nc6 29. Re3 Nb4 30. a3 Nc6 31. a4 Nb4 32. a5 bxa5 33. Nc3 Rxd3 34. Na4 Rxb3 35. Rxb3 Rd4 36. Nb2 Rd2 37. Kf3 Rc2 38. h4 h5 39. Ke3 Kf6 40. f3 Kf5 41. f4 Kg4 0-1

[Event "CZE-chT1W 1213"]
[Site "Czech Republic"]
[Date "2013.04.07"]
[Round "10.3"]
[White "Jancarik, Joel"]
[Black "Dolezal, Radoslav"]
[Result "1/2-1/2"]
[WhiteElo "2242"]
[BlackElo "2359"]
[PlyCount "38"]
[EventDate "2012.10.28"]
[EventType "team-tourn"]
[EventRounds "11"]
[EventCountry "CZE"]
[SourceTitle "EXT 2014"]
[Source "ChessBase"]
[SourceDate "2013.11.20"]
[SourceVersion "1"]
[SourceVersionDate "2013.11.20"]
[SourceQuality "1"]
[WhiteTeam "Praha Kobylisy"]
[BlackTeam "Pankrac"]
[WhiteTeamCountry "CZE"]
[BlackTeamCountry "CZE"]

1. e4 e5 2. Nc3 Nc6 3. Bc4 d6 4. Nge2 Be6 5. d3 Be7 6. Bb5 Nf6 7. f4 exf4 8. Nxf4 Bg4 9. Qd2 0-0 10. 0-0 a6 11. Ba4 b5 12. Bb3 Na5 13. Ncd5 Nxb3 14. axb3 Nxd5 15. Nxd5 Be6 16. Nxe7+ Qxe7 17. Qg5 Qxg5 18. Bxg5 f5 19. exf5 Bxf5 1/2-1/2

[Event "CZE-chT1W 1213"]
[Site "Czech Republic"]
[Date "2013.01.27"]
[Round "6.3"]
[White "Jancarik, Joel"]
[Black "Svatos, Jan"]
[Result "1-0"]
[WhiteElo "2242"]
[BlackElo "2284"]
[PlyCount "71"]
[EventDate "2012.10.28"]
[EventType "team-tourn"]
[EventRounds "11"]
[EventCountry "CZE"]
[SourceTitle "EXT 2014"]
[Source "ChessBase"]
[SourceDate "2013.11.20"]
[SourceVersion "1"]
[SourceVersionDate "2013.11.20"]
[SourceQuality "1"]
[WhiteTeam "Praha Kobylisy"]
[BlackTeam "Praha Sokol"]
[WhiteTeamCountry "CZE"]
[BlackTeamCountry "CZE"]

1. e4 d6 2. d4 Nf6 3. Nc3 g6 4. Be3 Bg7 5. Qd2 0-0 6. Bh6 e5 7. Bxg7 Kxg7 8. Nf3 Nc6 9. h3 exd4 10. Nxd4 Re8 11. f3 Nh5 12. 0-0-0 Bd7 13. Nde2 Be6 14. g4 Nf6 15. h4 h5 16. g5 Nd7 17. Ng3 a6 18. Be2 b5 19. f4 Bc4 20. Bxc4 bxc4 21. Qd5 Na7 22. Qxc4 Nb5 23. Nd5 c6 24. Nc3 Nb6 25. Qd3 c5 26. a4 Nxc3 27. Qxc3+ Kg8 28. a5 Na4 29. Qa3 Qd7 30. e5 Qg4 31. Qxa4 Qxg3 32. Rxd6 Reb8 33. Qe4 Ra7 34. e6 f5 35. Qe5 Re7 36. Rd3 1-0

[Event "CZE-chT1W 1213"]
[Site "Czech Republic"]
[Date "2012.10.28"]
[Round "1.4"]
[White "Freisler, Pavel"]
[Black "Jancarik, Joel"]
[Result "1-0"]
[WhiteElo "2313"]
[BlackElo "2242"]
[PlyCount "35"]
[EventDate "2012.10.28"]
[EventType "team-tourn"]
[EventRounds "11"]
[EventCountry "CZE"]
[SourceTitle "EXT 2013"]
[Source "ChessBase"]
[SourceDate "2012.11.22"]
[SourceVersion "1"]
[SourceVersionDate "2012.11.22"]
[SourceQuality "1"]
[WhiteTeam "Praha Holdia II"]
[BlackTeam "Praha Kobylisy"]
[WhiteTeamCountry "CZE"]
[BlackTeamCountry "CZE"]

1. Nf3 Nf6 2. c4 g6 3. Nc3 d5 4. d4 Bg7 5. Bf4 0-0 6. e3 c5 7. dxc5 Qa5 8. Rc1 dxc4 9. Bxc4 Qxc5 10. Bb3 Nc6 11. 0-0 Qh5 12. h3 b6 13. Nd5 Rd8 14. Ne5 Nxd5 15. Nxc6 Ba6 16. Bxd5 Be2 17. Qb3 e6 18. Ne7+ 1-0

[Event "Prague Pankrac Cup"]
[Site "Prague"]
[Date "2012.09.25"]
[Round "3"]
[White "Jancarik, Joel"]
[Black "Dolezal, Radoslav"]
[Result "1-0"]
[WhiteElo "2242"]
[BlackElo "2367"]
[PlyCount "89"]
[EventDate "2012.09.11"]
[EventType "swiss"]
[EventRounds "8"]
[EventCountry "CZE"]
[SourceTitle "EXT 2014"]
[Source "ChessBase"]
[SourceDate "2013.11.20"]
[SourceVersion "1"]
[SourceVersionDate "2013.11.20"]
[SourceQuality "1"]

1. e4 e5 2. Nc3 d6 3. Bc4 Be6 4. d3 Bxc4 5. dxc4 Nf6 6. Be3 Be7 7. f3 c6 8. Nge2 Nbd7 9. Qd3 Nc5 10. Qd2 Nfd7 11. 0-0-0 Qc7 12. h4 h5 13. Bg5 Nb6 14. b3 0-0-0 15. Be3 Ne6 16. Ng3 g6 17. Qf2 Kb8 18. Nge2 f5 19. f4 fxe4 20. fxe5 dxe5 21. Nxe4 Rxd1+ 22. Rxd1 Rd8 23. Rh1 Rf8 24. Qg3 Nf4 25. N2c3 Nc8 26. Kb1 Bb4 27. Rd1 Qf7 28. Bc5 Bxc5 29. Nxc5 Re8 30. N3e4 b6 31. Nd7+ Kc7 32. Qg5 Qf5 33. Ndf6 Re7 34. Qh6 Ne6 35. Qc1 Nd4 36. Rf1 Qe6 37. Qh6 Nd6 38. Ng5 Qc8 39. Qxg6 N4f5 40. Nfe4 Qe8 41. Qf6 Nxe4 42. Nxe4 Nd4 43. c3 Ne2 44. Qd6+ Kb7 45. Qd2 1-0

[Event "Prague Pankrac Cup"]
[Site "Prague"]
[Date "2012.09.11"]
[Round "1"]
[White "Jancarik, Joel"]
[Black "Kulhanek, Tomas"]
[Result "1/2-1/2"]
[WhiteElo "2242"]
[BlackElo "2385"]
[PlyCount "126"]
[EventDate "2012.09.11"]
[EventType "swiss"]
[EventRounds "8"]
[EventCountry "CZE"]
[SourceTitle "EXT 2014"]
[Source "ChessBase"]
[SourceDate "2013.11.20"]
[SourceVersion "1"]
[SourceVersionDate "2013.11.20"]
[SourceQuality "1"]

1. e4 c5 2. Nf3 Nc6 3. Nc3 g6 4. d4 cxd4 5. Nxd4 Bg7 6. Be3 Nf6 7. Bc4 0-0 8. Bb3 d6 9. f3 Bd7 10. Qd2 Nxd4 11. Bxd4 b5 12. Nd5 Nxd5 13. exd5 Bxd4 14. Qxd4 a5 15. c3 b4 16. cxb4 axb4 17. Qxb4 Rb8 18. Qd4 Qa5+ 19. Kf2 Rb4 20. Qe3 Ba4 21. Rhd1 Qb5 22. Rd3 Rb8 23. Re1 Bxb3 24. axb3 Rxb3 25. Rxb3 Qxb3 26. Qxb3 Rxb3 27. Rxe7 Rxb2+ 28. Re2 Rb5 29. Rd2 Rb3 30. f4 Kg7 31. Ra2 Rb5 32. Rd2 Kf6 33. Kf3 h5 34. g3 Kf5 35. Rd3 Rb1 36. h3 Rf1+ 37. Kg2 Ke4 38. Ra3 Rd1 39. Ra7 Rd2+ 40. Kf1 f5 41. Rg7 Kf3 42. Ke1 Rxd5 43. Rxg6 Rd3 44. h4 d5 45. Rg5 Ke4 46. Kf2 Rd2+ 47. Ke1 Ra2 48. Rxh5 Ke3 49. Kf1 d4 50. Rxf5 Ra1+ 51. Kg2 d3 52. Rd5 d2 53. Rxd2 Kxd2 54. Kf3 Kd3 55. h5 Kd4 56. Kg4 Kd5 57. Kf5 Kd6 58. Kf6 Rg1 59. h6 Rxg3 60. h7 Rh3 61. Kg7 Rg3+ 62. Kf6 Rh3 63. Kg7 Ke6 1/2-1/2

[Event "CZE-chT2C 1112"]
[Site "Czech Republic"]
[Date "2012.02.05"]
[Round "7.5"]
[White "Jancarik, Joel"]
[Black "Urban, Zdenek"]
[Result "1-0"]
[WhiteElo "2226"]
[BlackElo "2176"]
[PlyCount "61"]
[EventDate "2011.10.09"]
[EventType "team-tourn"]
[EventRounds "11"]
[EventCountry "CZE"]
[SourceTitle "EXT 2013"]
[Source "ChessBase"]
[SourceDate "2012.11.22"]
[SourceVersion "1"]
[SourceVersionDate "2012.11.22"]
[SourceQuality "1"]
[WhiteTeam "Kobylisy"]
[BlackTeam "Jicin II"]
[WhiteTeamCountry "CZE"]
[BlackTeamCountry "CZE"]

1. e4 d6 2. d4 Nf6 3. Nc3 g6 4. h3 Bg7 5. Nf3 c6 6. Bd3 0-0 7. 0-0 Nbd7 8. Qe2 e5 9. dxe5 dxe5 10. Be3 b5 11. Nb1 Bb7 12. Nbd2 Qe7 13. a4 a6 14. c4 b4 15. c5 Nxc5 16. Bxc5 Qxc5 17. Rfc1 Qa7 18. Nb3 Nh5 19. Qe1 Rad8 20. Bf1 a5 21. Rc5 Qb6 22. Nxe5 Bxe5 23. Rxe5 Rfe8 24. Rxa5 f5 25. e5 Rd4 26. Qe3 c5 27. Rb5 Qa7 28. Nxd4 cxd4 29. Qb3+ Kh8 30. Qf7 Rb8 31. Rd5 1-0

[Event "CZE-chT2C 1112"]
[Site "Czech Republic"]
[Date "2012.01.08"]
[Round "5.4"]
[White "Jancarik, Joel"]
[Black "Balacek, Tadeas"]
[Result "1-0"]
[WhiteElo "2226"]
[BlackElo "2245"]
[PlyCount "63"]
[EventDate "2011.10.09"]
[EventType "team-tourn"]
[EventRounds "11"]
[EventCountry "CZE"]
[SourceTitle "EXT 2013"]
[Source "ChessBase"]
[SourceDate "2012.11.22"]
[SourceVersion "1"]
[SourceVersionDate "2012.11.22"]
[SourceQuality "1"]
[WhiteTeam "Kobylisy"]
[BlackTeam "Kolin"]
[WhiteTeamCountry "CZE"]
[BlackTeamCountry "CZE"]

1. e4 e6 2. d4 d5 3. Nc3 Nf6 4. Bg5 Be7 5. e5 Nfd7 6. h4 0-0 7. Bd3 c5 8. Qh5 g6 9. Qh6 cxd4 10. Nf3 Nxe5 11. Nxe5 dxc3 12. Nxg6 fxg6 13. Bxg6 hxg6 14. Qxg6+ Kh8 15. Rh3 cxb2 16. Rb1 Qb6 17. Qh5+ Kg8 18. Be3 Qb4+ 19. Bd2 Qe4+ 20. Re3 Qxg2 21. Rg3+ Qxg3 22. fxg3 Nc6 23. Qg6+ Kh8 24. Bh6 Rg8 25. Qh5 Rd8 26. Kd2 Bd7 27. Bg5+ Kg7 28. Qh6+ Kg8 29. Qg6+ Kh8 30. Bxe7 Nxe7 31. Qf6+ Kg8 32. Qxe7 1-0

[Event "CZE-chT2C 1112"]
[Site "Czech Republic"]
[Date "2011.10.09"]
[Round "1.3"]
[White "Petr, Jan"]
[Black "Jancarik, Joel"]
[Result "1-0"]
[WhiteElo "2203"]
[BlackElo "2226"]
[PlyCount "53"]
[EventDate "2011.10.09"]
[EventType "team-tourn"]
[EventRounds "11"]
[EventCountry "CZE"]
[SourceTitle "EXT 2013"]
[Source "ChessBase"]
[SourceDate "2012.11.22"]
[SourceVersion "1"]
[SourceVersionDate "2012.11.22"]
[SourceQuality "1"]
[WhiteTeam "Pankrac II"]
[BlackTeam "Kobylisy"]
[WhiteTeamCountry "CZE"]
[BlackTeamCountry "CZE"]

1. e4 c5 2. Nc3 d6 3. g3 g6 4. Bg2 Bg7 5. d3 Nc6 6. Be3 e6 7. Qd2 Rb8 8. Nge2 Nd4 9. 0-0 Ne7 10. Nd1 Nxe2+ 11. Qxe2 0-0 12. Qd2 b5 13. Bh6 e5 14. Bxg7 Kxg7 15. f4 f6 16. Ne3 Be6 17. Rf2 Qd7 18. Raf1 Bg8 19. h3 exf4 20. Rxf4 Be6 21. g4 d5 22. exd5 Nxd5 23. Nxd5 Bxd5 24. Qc3 Bxg2 25. Rxf6 Kg8 26. Rxf8+ Rxf8 27. Rxf8+ 1-0

[Event "CZE-ch U20"]
[Site "Kouty nad Desnou"]
[Date "2011.03.14"]
[Round "4"]
[White "Jancarik, Joel"]
[Black "Seidl, Stepan"]
[Result "1/2-1/2"]
[WhiteElo "2215"]
[BlackElo "2108"]
[PlyCount "51"]
[EventDate "2011.03.11"]
[EventType "tourn"]
[EventRounds "11"]
[EventCountry "CZE"]
[SourceTitle "EXT 2014"]
[Source "ChessBase"]
[SourceDate "2013.11.20"]
[SourceVersion "1"]
[SourceVersionDate "2013.11.20"]
[SourceQuality "1"]

1. d4 Nf6 2. c4 g6 3. Nc3 d5 4. cxd5 Nxd5 5. e4 Nxc3 6. bxc3 Bg7 7. Bc4 c5 8. Ne2 Nc6 9. Be3 cxd4 10. cxd4 Qa5+ 11. Bd2 Qh5 12. Bc3 0-0 13. 0-0 Rd8 14. Qb3 e6 15. Ng3 Qh4 16. d5 Bxc3 17. Qxc3 exd5 18. exd5 Qd4 19. Qxd4 Nxd4 20. Rad1 Nf5 21. d6 b5 22. Nxf5 Bxf5 23. Bxb5 Rab8 24. Ba4 Rb4 25. Bb3 Rb6 26. Rfe1 1/2-1/2

[Event "CZE-chT1W 1011"]
[Site "Czech Republic"]
[Date "2011.01.16"]
[Round "6.7"]
[White "Jancarik, Joel"]
[Black "Kozak, Milos"]
[Result "1/2-1/2"]
[WhiteElo "2205"]
[BlackElo "2213"]
[PlyCount "56"]
[EventDate "2010.10.10"]
[EventType "team-tourn"]
[EventRounds "11"]
[EventCountry "CZE"]
[SourceTitle "EXT 2012"]
[Source "ChessBase"]
[SourceDate "2011.11.24"]
[SourceVersion "1"]
[SourceVersionDate "2011.11.24"]
[SourceQuality "1"]
[WhiteTeam "Praha Kobylisy"]
[BlackTeam "Postovni Sporitelna"]
[WhiteTeamCountry "CZE"]
[BlackTeamCountry "CZE"]

1. e4 e5 2. Nf3 Nc6 3. Bb5 a6 4. Ba4 Nf6 5. 0-0 Be7 6. Re1 b5 7. Bb3 d6 8. h3 0-0 9. c3 Na5 10. Bc2 c5 11. d4 Nd7 12. b3 exd4 13. cxd4 Nc6 14. Bb2 Nb4 15. Nc3 Nxc2 16. Qxc2 Bb7 17. dxc5 dxc5 18. Nd5 Bxd5 19. exd5 Bf6 20. Rad1 Rc8 21. Ne5 Bxe5 22. Bxe5 Nxe5 23. Rxe5 Qd6 24. Re4 Rfd8 25. a4 Re8 26. Rxe8+ Rxe8 27. axb5 axb5 28. Qd3 Rb8 1/2-1/2

[Event "Prague op-A 10th"]
[Site "Prague"]
[Date "2011.01.07"]
[Round "1"]
[White "Jancarik, Joel"]
[Black "Hasangatin, Ramil"]
[Result "1/2-1/2"]
[WhiteElo "2208"]
[BlackElo "2508"]
[PlyCount "91"]
[EventDate "2011.01.07"]
[EventType "swiss"]
[EventRounds "9"]
[EventCountry "CZE"]
[SourceTitle "CBM 140 Extra"]
[Source "ChessBase"]
[SourceDate "2011.03.01"]
[SourceVersion "1"]
[SourceVersionDate "2011.03.01"]
[SourceQuality "1"]

1. e4 d5 2. exd5 Qxd5 3. Nc3 Qd6 4. d4 c6 5. Nf3 Bg4 6. Be3 Nd7 7. Bc4 e6 8. h3 Bh5 9. g4 Bg6 10. h4 h5 11. g5 Ne7 12. Qd2 Qb4 13. Bd3 Bxd3 14. Qxd3 Ng6 15. 0-0-0 0-0-0 16. Qe2 Qa5 17. Kb1 Nb6 18. Ne5 Nxe5 19. dxe5 Bb4 20. Bd2 Rxd2 21. Rxd2 Bxc3 22. bxc3 Na4 23. Qc4 Nxc3+ 24. Kb2 Na4+ 25. Kc1 Nb6 26. Qb3 Qxe5 27. Kb1 Qf4 28. Rd3 Nc4 29. Qc3 e5 30. Rhd1 Nb6 31. Qc5 Re8 32. Rd6 Qe4 33. Qa3 Nc4 34. Qh3+ Kb8 35. Rd8+ Rxd8 36. Rxd8+ Kc7 37. Rd7+ Kb6 38. Qb3+ Kc5 39. a3 Nd2+ 40. Rxd2 Qe1+ 41. Kb2 Qxd2 42. Qxb7 Qd4+ 43. Kb1 Qd1+ 44. Kb2 Qd4+ 45. Kb1 Qd1+ 46. Kb2 1/2-1/2

[Event "CZE-chT1W 1011"]
[Site "Czech Republic"]
[Date "2010.10.10"]
[Round "1.7"]
[White "Jancarik, Joel"]
[Black "Pilar, Miloslav"]
[Result "1-0"]
[WhiteElo "2205"]
[BlackElo "2287"]
[PlyCount "51"]
[EventDate "2010.10.10"]
[EventType "team-tourn"]
[EventRounds "11"]
[EventCountry "CZE"]
[SourceTitle "EXT 2012"]
[Source "ChessBase"]
[SourceDate "2011.11.24"]
[SourceVersion "1"]
[SourceVersionDate "2011.11.24"]
[SourceQuality "1"]
[WhiteTeam "Praha Kobylisy"]
[BlackTeam "Praha Vysehrad"]
[WhiteTeamCountry "CZE"]
[BlackTeamCountry "CZE"]

1. e4 e6 2. d4 d5 3. Nc3 Bb4 4. e5 c5 5. a3 Bxc3+ 6. bxc3 Ne7 7. Nf3 Qc7 8. a4 Nbc6 9. Qd2 Bd7 10. Ba3 c4 11. Be2 h6 12. 0-0 0-0-0 13. a5 Rde8 14. Rfb1 Nxa5 15. Qc1 Nec6 16. Bd6 Qd8 17. Qa3 b6 18. Nd2 Kb7 19. Nxc4 Ka8 20. Ne3 Qc8 21. Qb2 Qb7 22. c4 dxc4 23. Bf3 Qa6 24. Nxc4 Qxc4 25. Rxa5 Kb7 26. Rxa7+ 1-0

[Event "CZE-chT U20 final-A 0910"]
[Site "Pavla Vlachovice"]
[Date "2010.04.24"]
[Round "9.1"]
[White "Jancarik, Joel"]
[Black "Gabriel, Adam"]
[Result "1-0"]
[WhiteElo "2165"]
[BlackElo "2049"]
[PlyCount "153"]
[EventDate "2010.04.23"]
[EventType "team-tourn"]
[EventRounds "11"]
[EventCountry "CZE"]
[SourceTitle "EXT 2011"]
[Source "ChessBase"]
[SourceDate "2010.11.26"]
[SourceVersion "1"]
[SourceVersionDate "2010.11.26"]
[SourceQuality "1"]
[WhiteTeam "Liberec (U20)"]
[BlackTeam "Borsice (U20)"]
[WhiteTeamCountry "CZE"]
[BlackTeamCountry "CZE"]

1. e4 c5 2. Nc3 d6 3. Nf3 a6 4. d4 cxd4 5. Nxd4 Nf6 6. Be3 b5 7. f3 e5 8. Nb3 Be6 9. g4 b4 10. Na4 Nbd7 11. g5 Nh5 12. Qd2 f5 13. exf5 Bxf5 14. Bd3 Bxd3 15. Qxd3 Be7 16. Qf5 g6 17. Qe6 Ng7 18. Qd5 Nf5 19. Bd2 Rc8 20. 0-0-0 Bxg5 21. f4 Qc7 22. c3 Bf6 23. Kb1 bxc3 24. Bxc3 Qc4 25. fxe5 Bxe5 26. Rhe1 Qxd5 27. Rxd5 0-0 28. Bxe5 Nxe5 29. Nc3 Nf3 30. Re2 Rfe8 31. Ne4 Kg7 32. Nbd2 Nxd2+ 33. Rdxd2 Rc4 34. Nc3 Rxe2 35. Rxe2 g5 36. Nd5 Rd4 37. Nc7 Rd1+ 38. Kc2 Ra1 39. Ne6+ Kf6 40. Kb3 h5 41. Ka3 h4 42. b4 Rc1 43. Ka4 h3 44. Ka5 Rg1 45. a4 Rg2 46. Re1 Rxh2 47. Kxa6 Ng3 48. Nd4 Ra2 49. a5 h2 50. b5 h1Q 51. Rxh1 Nxh1 52. b6 Nf2 53. b7 Ne4 54. Nb3 Rb2 55. b8Q Nc5+ 56. Ka7 Rxb3 57. Qxd6+ Ne6 58. Qd1 Rb4 59. Qd2 Rb3 60. Qc2 Nd4 61. Qc4 Ke5 62. Ka8 g4 63. a6 g3 64. Qg8 Kf4 65. a7 Rb5 66. Qf7+ Ke3 67. Qg7 Nf5 68. Qd7 Nd4 69. Qg7 Nf5 70. Qc3+ Ke4 71. Qc6+ Rd5 72. Kb8 Ne7 73. Qe6+ Kf4 74. Qxe7 g2 75. Qf6+ Kg3 76. Qg6+ Kh2 77. Qxg2+ 1-0

[Event "Prague Rejfir Memorial"]
[Site "Prague"]
[Date "2010.04.??"]
[Round "4"]
[White "Jancarik, Joel"]
[Black "Sevcak, Frantisek"]
[Result "1-0"]
[WhiteElo "2165"]
[BlackElo "2215"]
[PlyCount "29"]
[EventDate "2010.04.??"]
[EventType "swiss"]
[EventRounds "9"]
[EventCountry "CZE"]
[SourceTitle "EXT 2012"]
[Source "ChessBase"]
[SourceDate "2011.11.24"]
[SourceVersion "1"]
[SourceVersionDate "2011.11.24"]
[SourceQuality "1"]

1. d4 d5 2. c4 e6 3. Nc3 c5 4. cxd5 exd5 5. Nf3 Be6 6. g3 Nc6 7. Bg2 Nf6 8. 0-0 Rc8 9. Bg5 b6 10. Qa4 Qd7 11. Bxf6 gxf6 12. Rfd1 f5 13. dxc5 bxc5 14. Nxd5 Bxd5 15. Ng5 1-0

[Event "Prague Rejfir Memorial"]
[Site "Prague"]
[Date "2010.04.??"]
[Round "1"]
[White "Matras, Ondrej"]
[Black "Jancarik, Joel"]
[Result "1/2-1/2"]
[WhiteElo "2305"]
[BlackElo "2165"]
[PlyCount "111"]
[EventDate "2010.04.??"]
[EventType "swiss"]
[EventRounds "9"]
[EventCountry "CZE"]
[SourceTitle "EXT 2012"]
[Source "ChessBase"]
[SourceDate "2011.11.24"]
[SourceVersion "1"]
[SourceVersionDate "2011.11.24"]
[SourceQuality "1"]

1. d4 Nf6 2. c4 g6 3. f3 Bg7 4. e4 d6 5. Nc3 0-0 6. Be3 Nbd7 7. Bd3 c5 8. Nge2 a6 9. Qd2 cxd4 10. Nxd4 Ne5 11. 0-0 Nc6 12. Rfd1 Nxd4 13. Bxd4 Be6 14. Rac1 Rc8 15. b3 Nd7 16. Be3 Ne5 17. Be2 Qd7 18. Na4 Rc6 19. Nb6 Qd8 20. Nd5 Re8 21. h3 Qb8 22. f4 Nd7 23. Bf3 Bxd5 24. exd5 Rc7 25. Rc2 b5 26. Rdc1 b4 27. h4 a5 28. h5 Nc5 29. f5 gxf5 30. Bxc5 dxc5 31. Qg5 Qb6 32. Qxf5 Qf6 33. Qh3 a4 34. Rf1 axb3 35. axb3 Ra7 36. Re2 Rea8 37. Ree1 Qd4+ 38. Kh1 Ra1 39. Rxa1 Rxa1 40. Qc8+ Bf8 41. Rxa1 Qxa1+ 42. Kh2 Qd4 43. Kh3 h6 44. Qg4+ Qxg4+ 45. Kxg4 Bg7 46. Kf5 Bd4 47. Bg4 Kg7 48. Bh3 Be3 49. Ke4 Bc1 50. Bd7 Kf6 51. Be8 Bd2 52. g3 Be1 53. Kf4 Bd2+ 54. Ke4 Be1 55. g4 Bd2 56. Bd7 1/2-1/2

[Event "Prague Rejfir Memorial"]
[Site "Prague"]
[Date "2010.04.??"]
[Round "8"]
[White "Skara, Vladimir"]
[Black "Jancarik, Joel"]
[Result "1-0"]
[WhiteElo "2185"]
[BlackElo "2165"]
[PlyCount "97"]
[EventDate "2010.04.??"]
[EventType "swiss"]
[EventRounds "9"]
[EventCountry "CZE"]
[SourceTitle "EXT 2012"]
[Source "ChessBase"]
[SourceDate "2011.11.24"]
[SourceVersion "1"]
[SourceVersionDate "2011.11.24"]
[SourceQuality "1"]

1. e4 c5 2. Nf3 d6 3. d4 cxd4 4. Nxd4 Nf6 5. Nc3 g6 6. Be3 Bg7 7. f3 0-0 8. Qd2 Nc6 9. 0-0-0 d5 10. Kb1 Nxd4 11. Bxd4 dxe4 12. fxe4 Be6 13. h3 Qc7 14. Be2 b5 15. e5 Nd7 16. Nxb5 Qb8 17. Bc3 Nxe5 18. Nd4 Bc4 19. Nc6 Bxa2+ 20. Kxa2 Nxc6 21. Bxg7 Kxg7 22. Bf3 Qb4 23. Qxb4 Nxb4+ 24. Kb1 Rad8 25. Bb7 Rb8 26. Rd7 e6 27. Rhd1 Nd5 28. Bxd5 exd5 29. R1xd5 a6 30. R7d6 Rfe8 31. Rd2 Ra8 32. c4 Rac8 33. b3 Re3 34. Kc2 Rb8 35. R6d3 Rxd3 36. Rxd3 Rb6 37. Kc3 Kf6 38. Re3 h5 39. b4 g5 40. c5 Rb8 41. Kc4 h4 42. c6 Kg6 43. Kc5 Rb5+ 44. Kd6 Rxb4 45. Rc3 Rd4+ 46. Ke5 Rd8 47. c7 Rc8 48. Rc6+ Kg7 49. Kd6 1-0

[Event "Prague Rejfir Memorial"]
[Site "Prague"]
[Date "2010.04.??"]
[Round "6"]
[White "Tichy, Vladimir"]
[Black "Jancarik, Joel"]
[Result "1-0"]
[WhiteElo "2280"]
[BlackElo "2165"]
[PlyCount "127"]
[EventDate "2010.04.??"]
[EventType "swiss"]
[EventRounds "9"]
[EventCountry "CZE"]
[SourceTitle "EXT 2012"]
[Source "ChessBase"]
[SourceDate "2011.11.24"]
[SourceVersion "1"]
[SourceVersionDate "2011.11.24"]
[SourceQuality "1"]

1. d4 Nf6 2. c4 g6 3. Nc3 Bg7 4. Nf3 0-0 5. g3 d6 6. Bg2 Nbd7 7. d5 a5 8. 0-0 Nc5 9. Be3 b6 10. h3 Ba6 11. b3 Nfd7 12. Bd4 e5 13. dxe6 fxe6 14. Bxg7 Kxg7 15. Nd4 Rc8 16. Qd2 Qf6 17. Rad1 Rce8 18. Ncb5 Bxb5 19. Nxb5 Rc8 20. Qe3 Qe5 21. Qxe5+ Nxe5 22. f4 Ned7 23. h4 Nb8 24. Rfe1 Nba6 25. Rb1 Rce8 26. a3 e5 27. b4 Nd7 28. Bc6 Re7 29. Nc3 Ndb8 30. Bf3 exf4 31. Nd5 Ref7 32. Nxf4 Re8 33. Nd3 Re3 34. Rbd1 Nd7 35. Kf2 Re4 36. Nf4 Rexf4 37. gxf4 Rxf4 38. e3 Rf6 39. b5 Ne5 40. bxa6 Rxf3+ 41. Ke2 Rf8 42. c5 bxc5 43. Rb1 Ra8 44. Rb7 Rxa6 45. Rxc7+ Kh6 46. Rb1 g5 47. hxg5+ Kxg5 48. Rxh7 Kf5 49. Rh6 Nc4 50. a4 Ke5 51. Kd3 Nb6 52. Rh5+ Ke6 53. Rh4 Kd5 54. e4+ Kc6 55. Rh6 Nxa4 56. Rg1 Rb6 57. Rgg6 c4+ 58. Kd4 Rb1 59. Rxd6+ Kc7 60. Rc6+ Kd7 61. Rxc4 Nb6 62. Rc5 a4 63. Ra5 Rb4+ 64. Kc5 1-0

[Event "CZE-chT2B 0910"]
[Site "Czech Republic"]
[Date "2010.02.28"]
[Round "8.8"]
[White "Jancarik, Joel"]
[Black "Kovar, Jan1111"]
[Result "1-0"]
[WhiteElo "2135"]
[BlackElo "1837"]
[PlyCount "65"]
[EventDate "2009.10.18"]
[EventType "team-tourn"]
[EventRounds "11"]
[EventCountry "CZE"]
[SourceTitle "EXT 2012"]
[Source "ChessBase"]
[SourceDate "2011.11.24"]
[SourceVersion "1"]
[SourceVersionDate "2011.11.24"]
[SourceQuality "1"]
[WhiteTeam "Praha Kobylisy"]
[BlackTeam "Jirkov"]
[WhiteTeamCountry "CZE"]
[BlackTeamCountry "CZE"]

1. e4 c5 2. Nf3 d6 3. d4 cxd4 4. Nxd4 Nf6 5. Nc3 g6 6. Bc4 Bg7 7. f3 Nc6 8. Be3 Bd7 9. Qd2 0-0 10. 0-0-0 Rc8 11. Bb3 Ne5 12. h4 h5 13. Bg5 Qa5 14. Kb1 e6 15. Bxf6 Bxf6 16. Nd5 Qd8 17. Nxf6+ Qxf6 18. Qe2 Rc5 19. g4 Qh8 20. gxh5 Qxh5 21. Rdg1 Nc6 22. c3 a6 23. Qg2 Qh7 24. Ne2 Ne7 25. Nf4 Qh6 26. Qg3 Kg7 27. Nd3 Rc6 28. h5 Rh8 29. f4 Rcc8 30. Nf2 f5 31. hxg6 Qxg6 32. Qf3 Rxh1 33. Qxh1 1-0

[Event "CZE-chTW U20 0910"]
[Site "Czech Republic"]
[Date "2010.01.23"]
[Round "6.1"]
[White "Jancarik, Joel"]
[Black "Wasserbauer, Radek"]
[Result "0-1"]
[WhiteElo "2135"]
[BlackElo "1966"]
[PlyCount "94"]
[EventDate "2009.10.03"]
[EventType "team-tourn"]
[EventRounds "7"]
[EventCountry "CZE"]
[SourceTitle "EXT 2011"]
[Source "ChessBase"]
[SourceDate "2010.11.26"]
[SourceVersion "1"]
[SourceVersionDate "2010.11.26"]
[SourceQuality "1"]
[WhiteTeam "Liberec (U20)"]
[BlackTeam "Vlasim (U20)"]
[WhiteTeamCountry "CZE"]
[BlackTeamCountry "CZE"]

1. e4 e5 2. Nf3 d6 3. Bc4 Be7 4. c3 Nf6 5. Qe2 0-0 6. d4 Bg4 7. h3 Bxf3 8. Qxf3 c6 9. dxe5 dxe5 10. Be3 Ne8 11. Nd2 Nd7 12. Rd1 Nd6 13. Bb3 b5 14. Nf1 Qc7 15. g4 a5 16. Ng3 a4 17. Bc2 Rfd8 18. 0-0 g6 19. Kg2 Nc4 20. Bc1 Nf8 21. b3 Rxd1 22. Rxd1 Nd6 23. bxa4 bxa4 24. Nf1 Ne6 25. Kh2 Nb5 26. Bd2 Nc5 27. Ne3 Qc8 28. Qe2 Qe6 29. Nc4 Kg7 30. Nb6 Ra6 31. Nc4 Kg8 32. Bd3 Ra7 33. Nb6 Nxd3 34. Qxd3 Rb7 35. Bh6 f6 36. Be3 Qxa2 37. Nc8 Qe6 38. Nxe7+ Rxe7 39. c4 Nd4 40. Bxd4 exd4 41. Qxd4 Qxe4 42. Qc5 Qe5+ 43. Qxe5 Rxe5 44. Rd8+ Kf7 45. Ra8 Re2 46. Kg3 Ra2 47. Ra6 a3 0-1